Dream Come True: (Record no. 9376)

MARC details
000 -LEADER
fixed length control field 00415nam a22001457a 4500
008 - FIXED-LENGTH DATA ELEMENTS--GENERAL INFORMATION
fixed length control field 230228b |||||||| |||| 00| 0 eng d
020 ## - INTERNATIONAL STANDARD BOOK NUMBER
International Standard Book Number 978-81-8495-674-0
082 ## - DEWEY DECIMAL CLASSIFICATION NUMBER
Classification number 158.1
100 ## - MAIN ENTRY--PERSONAL NAME
Personal name Damrong Pinkoon
245 ## - TITLE STATEMENT
Title Dream Come True:
Remainder of title The Fundamentals for Success in Life Revealed
260 ## - PUBLICATION, DISTRIBUTION, ETC.
Name of publisher, distributor, etc. Jaico Publishing House,
Date of publication, distribution, etc. 2015
300 ## - PHYSICAL DESCRIPTION
Extent 209 p.
Dimensions 18cm
942 ## - Added entry Elements (Koha)
Source of classification or shelving scheme Dewey Decimal Classification
Holdings
Withdrawn status Lost status Source of classification or shelving scheme Damaged status Not for loan Collection code Home library Current library Shelving location Date acquired Serial Enumeration / chronology Total Checkouts Total Renewals Full call number Barcode Date last seen Date last checked out Price effective from Koha item type
    Dewey Decimal Classification     Main TEST RTC Library RTC Library Main opac 28/02/2023 177098 7 4 158.1 PIN 30017994 24/03/2026 27/02/2026 28/02/2023 Main
Royal Thimphu College || All Right Reserved